Statistics for Roman Numerals to 100

Click here to take the quiz!

General Stats

  • This quiz has been taken 526 times
  • The average score is 91 of 100

Answer Stats

HintNumeral% Correct
1I
100%
2II
100%
3III
99%
4IV
99%
5V
99%
6VI
99%
9IX
98%
7VII
98%
8VIII
98%
10X
98%
11XI
98%
12XII
98%
13XIII
97%
15XV
96%
16XVI
96%
20XX
96%
30XXX
96%
50L
95%
14XIV
95%
17XVII
95%
18XVIII
95%
21XXI
95%
22XXII
95%
23XXIII
95%
25XXV
95%
100C
94%
19XIX
94%
24XXIV
94%
26XXVI
94%
27XXVII
94%
28XXVIII
94%
31XXXI
94%
32XXXII
94%
33XXXIII
94%
34XXXIV
94%
35XXXV
94%
36XXXVI
94%
37XXXVII
94%
38XXXVIII
93%
55LV
92%
29XXIX
92%
51LI
91%
52LII
91%
53LIII
91%
54LIV
91%
56LVI
91%
39XXXIX
91%
57LVII
90%
58LVIII
90%
59LIX
89%
60LX
89%
61LXI
89%
65LXV
89%
66LXVI
89%
67LXVII
89%
70LXX
89%
40XL
89%
45XLV
89%
46XLVI
89%
47XLVII
89%
48XLVIII
89%
62LXII
88%
63LXIII
88%
64LXIV
88%
69LXIX
88%
68LXVIII
88%
71LXXI
88%
72LXXII
88%
73LXXIII
88%
74LXXIV
88%
75LXXV
88%
76LXXVI
88%
77LXXVII
88%
78LXXVIII
88%
80LXXX
88%
81LXXXI
88%
82LXXXII
88%
84LXXXIV
88%
85LXXXV
88%
86LXXXVI
88%
87LXXXVII
88%
88LXXXVIII
88%
41XLI
88%
42XLII
88%
43XLIII
88%
44XLIV
88%
83LXXXIII
87%
89LXXXIX
87%
49XLIX
87%
79LXXIX
86%
90XC
86%
91XCI
85%
92XCII
85%
93XCIII
85%
94XCIV
85%
95XCV
85%
96XCVI
85%
97XCVII
85%
98XCVIII
84%
99XCIX
83%

Score Distribution

Percentile by Number Answered

Percent of People with Each Score

Your Score History

You have not taken this quiz